000 00274nam a2200121Ia 4500
008 190216s9999||||xx |||||||||||||| ||und||
100 _aNobel Laureates
245 0 _aDrumbeats
260 _bB I Publication
_c1991
300 _a149p
650 _aEnglish Prose
942 _cBK
999 _c13629
_d13629